01000nam a2200265 4500003000400000005001700004008004100021040001800062041000800080050001900088100004000107245012500147264003900272300001800311336002200329337002400351338002400375500008000399650004600479650006100525650006200586700005400648942001500702999001700717OSt20260530113909.0260508t1974 mx ||||| |||| 00| 0 spa d aICIbspacICI aspa aHD70.C5bB32181 aBettelheim, Charles, eautor93316110aRevolucion cultural y organizacion industrial en china / cPor Charles bettelheim ; traducción de René Palacios more 1aBuenos Aires : bSiglo XXI, c1974 a153 páginas atexto2rdacontent asin medio2rdamedia avolumen2rdacarrier aTraduccion de : revolution culturelle et organisation industrielle en chine 4aAdministración industrialzChina933162 4aIndustria textil -- -- xAdministraciónzChina 933163 4aAdministraciónxParticipación de los empleados9331641 aPalacios More, René, d1939- etraductor933165 2lcccBKn1 c12066d12066